Pominutelnost /

Hlavní autor: Leikert, Jozef, 1955-
Jazyk: Slovenština
Čeština
Vydáno: Praha : Protis, 2008
Vydání: Vyd. 1.
Edice: Alter ego
Témata:
Fyzický popis: 75 s. ; 18 cm
Language note: Část. slovenský text
Knihy
Uloženo v:
LEADER 01126nam a2200361 a 4500
001 nkc20081801256
003 CZ PrNK
005 20090617093038.0
007 ta
008 080529s2008 xr g 000 p cze
015 |a cnb001801256 
020 |a 978-80-7386-033-2  |q (brož.) :  |c Kč 164,00 
035 |a (OCoLC)237073607 
040 |a ABA001  |b cze 
041 1 |a cze  |a slo  |h slo 
072 7 |a 821.162.4  |x Slovenská literatura  |2 Konspekt  |9 25 
080 |a 821.162.4-1  |2 MRF 
080 |a (0:82-1)  |2 MRF 
100 1 |a Leikert, Jozef,  |d 1955-  |7 jn19990009654  |4 aut 
245 1 0 |a Pominutelnost /  |c Jozef Leikert ; ze slovenštiny přeložila Jana Štroblová 
250 |a Vyd. 1. 
260 |a Praha :  |b Protis,  |c 2008 
300 |a 75 s. ;  |c 18 cm 
490 1 |a Alter ego ;  |v sv. 8 
546 |a Část. slovenský text 
655 7 |a slovenská poezie  |7 fd183397  |2 czenas 
655 9 |a Slovak poetry  |2 eczenas 
830 0 |a Alter ego  |0 s 
910 2 |a BOA001  |b 1-1224.886 
990 |a BK 
995 |a 01 
991 |b 200906 
996 6 |b 2610380592  |c 1-1224.886  |l MZK  |r Sklad / do 1 hodiny  |n 0  |p p.v.  |w 000946012  |u 000010  |a 1  |e BOA001  |j MZK50  |s P